Fuzzy mathematical concepts (Record no. 13005)

MARC details
000 -LEADER
fixed length control field 00493 a2200193 4500
001 - CONTROL NUMBER
control field 146853
003 - CONTROL NUMBER IDENTIFIER
control field OSt
005 - DATE AND TIME OF LATEST TRANSACTION
control field 20210906103811.0
008 - FIXED-LENGTH DATA ELEMENTS--GENERAL INFORMATION
fixed length control field
020 ## - INTERNATIONAL STANDARD BOOK NUMBER
International Standard Book Number 9781842655801
082 ## - DEWEY DECIMAL CLASSIFICATION NUMBER
Classification number 511.313
Item number N17F
100 1# - MAIN ENTRY--PERSONAL NAME
Personal name Nanda, S.
245 1# - TITLE STATEMENT
Title Fuzzy mathematical concepts
Statement of responsibility, etc by S. Nanda and N. R. Das
260 ## - PUBLICATION, DISTRIBUTION, ETC. (IMPRINT)
Place of publication, distribution, etc New Delhi
Name of publisher, distributor, etc Narosa Publishing
Date of publication, distribution, etc 2014
300 ## - PHYSICAL DESCRIPTION
Extent v.p.
690 ## - LOCAL SUBJECT ADDED ENTRY--TOPICAL TERM (OCLC, RLIN)
Topical term or geographic name as entry element Fuzzy sets; Fuzzy mathematics
700 ## - ADDED ENTRY--PERSONAL NAME
Personal name Das, N. R.
942 ## - ADDED ENTRY ELEMENTS (KOHA)
Koha item type Books
Holdings
Withdrawn status Lost status Source of classification or shelving scheme Damaged status Not for loan Collection code Home library Current library Date acquired Source of acquisition Cost, normal purchase price Full call number Barcode Checked out Date last seen Price effective from Koha item type
    Dewey Decimal Classification     General Text Book Central University Of Rajasthan Central University Of Rajasthan 11/09/2015 MTH(P) 0.00 511.313 N17F 20059 01/01/2018 02/09/2020 02/09/2020 Books